=LDR 00000nam 2200000 4500 =001 INLIS000000000020773 =005 20130612115710 =008 ***********************************Ind** =035 ##$$0010-061300000020773 =041 ##$$a Ind =082 ##$$a 659.2 =090 ##$$a 659.2, Ang t =100 ##$$a Anggoro, M. Linggar =245 ##$$a Teori dan prosesi kehumasan serta aplikasi, M. Linggar Anggoro =260 ##$$a 2001 $b Jakarta =300 ##$$a xii, 318 hlm, 24 cm =650 ##$$a Hubungan masyrarakat =850 ##$$a NBPNMAT